| 000 | 01974nam a22002537a 4500 | ||
|---|---|---|---|
| 999 |
_c58323 _d58323 |
||
| 003 | Ge_BSU | ||
| 005 | 20211108111154.0 | ||
| 008 | 211104s2020 ge ||||| |||| 00| 0 geo d | ||
| 020 | _a9789941828997 | ||
| 041 | _ageo | ||
| 080 | _a1 რ-60 | ||
| 100 |
_aრინალდი, ჯაკომო _912822 |
||
| 245 |
_aXX საუკუნის იტალიური ფილოსოფია = Twentieth-century italian philosophy : მოკლე გადმოცემა და კრიტიკული შეფასება / _cჯაკომო რინალდი ; ინგლისურიდან თარგმნეს გიორგი ჭანიძემ და რუსუდან ზოიძემ ; რედაქტორი თენგიზ ირემაძე ; ახალი საქართველოს უნივერსიტეტი, კავკასიური ფილოსოფიისა და თეოლოგიის სამეცნიერო-კვლევითი არქივი. |
||
| 250 | _aპირველი გამოცემა | ||
| 264 |
_aთბილისი, _c2020. _b"ფავორიტი სტილში", |
||
| 300 |
_a100 გვ. ; _b17 სმ. |
||
| 500 | _aსაძიებლები: გვ. 85-94. | ||
| 653 | _aფილოსოფია | ||
| 700 |
_aჭანიძე, გიორგი _eმთარგმნელი _912823 |
||
| 700 |
_aზოიძე, რუსუდან _eრედაქტორი. _912824 |
||
| 700 |
_aირემაძე, თენგიზ _eრედაქტორი. _92229 |
||
| 710 |
_aახალი საქართველოს უნივერსიტეტი. _bკავკასიური ფილოსოფიისა და თეოლოგიის სამეცნიერო-კვლევითი არქივი. _912825 |
||
| 942 |
_2udc _cBK |
||